Tảo học
Trình bày đặc điểm sinh học của tảo. Vai trò của tảo trong tự nhiên và kinh tế xã hội. Phân loại tảo thành 12 ngành chính với những đặc điểm riêng
Zapisane w:
| 1. autor: | |
|---|---|
| Format: | Książka |
| Język: | Vietnamese |
| Wydane: |
H.
Đại học Quốc gia Hà Nội
2005
|
| Hasła przedmiotowe: | |
| Etykiety: |
Dodaj etykietę
Nie ma etykietki, Dołącz pierwszą etykiete!
|
| Thư viện lưu trữ: | Mạng thư viện Đại học Đà Nẵng |
|---|
| LEADER | 01595aam a22003858a 4500 | ||
|---|---|---|---|
| 001 | 000009061 | ||
| 003 | 5255 | ||
| 005 | 20120314160319.0 | ||
| 008 | 111024s2005 viesd | ||
| 020 | |c 29000đ |d 1000b | ||
| 041 | |a vie | ||
| 082 | 1 | 4 | |2 14 |a 579.8 |b ĐĂ-S |
| 084 | |a E591.2-9 | ||
| 084 | |b T108H | ||
| 100 | 0 | |a Đặng Thị Sy | |
| 245 | |a Tảo học |c Đặng Thị Sy | ||
| 260 | |a H. |b Đại học Quốc gia Hà Nội |c 2005 | ||
| 300 | |a 185tr. |b hình vẽ |c 27cm | ||
| 504 | |a Thư mục: tr. 173-185 | ||
| 520 | |a Trình bày đặc điểm sinh học của tảo. Vai trò của tảo trong tự nhiên và kinh tế xã hội. Phân loại tảo thành 12 ngành chính với những đặc điểm riêng | ||
| 650 | 7 | |2 Bộ TK TVQG |a Sinh học | |
| 650 | 7 | |2 Bộ TK TVQG |a Phân loại thực vật | |
| 650 | 7 | |2 Bộ TK TVQG |a Tảo | |
| OWN | |a LSP | ||
| AVA | |a UDN50 |b LSP |d 579.8 ĐĂ-S |e available |t Error 5001 Not defined in file expand_doc_bib_avail. |f 9 |g 0 |h N |i 0 |k 1 | ||
| AVA | |a UDN50 |b LSP |c References |d 579.8 ĐĂ-S |e check_holdings |t Error 5003 Not defined in file expand_doc_bib_avail. |h N |j TK |k 1 | ||
| 999 | |a From the UDN01 | ||
| AVA | |a UDN50 |b LSP |d 579.8 ĐĂ-S |e available |t Error 5001 Not defined in file expand_doc_bib_avail. |f 9 |g 0 |h N |i 0 |k 1 | ||
| AVA | |a UDN50 |b LSP |c References |d 579.8 ĐĂ-S |e available |t Error 5001 Not defined in file expand_doc_bib_avail. |f 89 |g 1 |h N |i 9 |j TK |k 1 | ||
| TYP | |a Monograph | ||
| TYP | |a Printed language | ||
| 980 | |a Mạng thư viện Đại học Đà Nẵng | ||